Didaktik des Glaubens : die Korrelationsmethode in der religiösen Erwachsenenbildung der Gegenwart /

Saved in:
நூற்பட்டியல் விவரங்கள்
தலைமை எழுத்தாளர்: Di Chio, Vito.
வடிவம்: புத்தகம்
மொழி:German
வெளியீடப்பட்டது: Zürich ; Einsiedeln ; Köln : Benziger, c1975.
தொகுதி:Studien zur praktischen Theologie (Benziger Verlag) ; 9.
பகுதிகள்:
குறியீடுகள்: குறிச்சொல் இணை
குறியீடுகள் இல்லை, இந்த குறிச்சொல்லை முதலில் பதிவு செய்யுங்கள்!
LEADER 01068nam a2200313 i 4500
001 001753675-8
005 20020606090541.3
008 760722s1975 sz b 00010 ger
010 |a  76458682  
015 |a Sw75-A-7029 
020 |a 3545215091 :  |c 35.80F 
035 0 |a ocm02388870 
040 |a DLC  |c DLC  |d BHA 
050 0 |a BV1464  |b .D5 1975 
082 |a 268 
100 1 |a Di Chio, Vito. 
245 1 0 |a Didaktik des Glaubens :  |b die Korrelationsmethode in der religiösen Erwachsenenbildung der Gegenwart /  |c Vito Di Chio. -- 
260 0 |a Zürich ;  |a Einsiedeln ;  |a Köln :  |b Benziger,  |c c1975. 
300 |a 433 p. ;  |c 23 cm. -- 
490 1 |a Studien zur praktischen Theologie ;  |v 9 
500 |a Originally presented as the author's thesis, Munich. 
500 |a ISBN 3-545-21509-1 
504 |a Bibliography: p. 409-422. 
600 1 0 |a Tillich, Paul,  |d 1886-1965. 
650 0 |a Christian education  |x Philosophy. 
650 0 |a Christian education of adults. 
830 0 |a Studien zur praktischen Theologie (Benziger Verlag) ;  |v 9. 
988 |a 20020608 
906 |0 DLC